000 00896nam a2200253 a 4500
001 000045875
003 DO-SdBPM
005 20241111092058.0
008 150526s2015 dr ac 000 0 spa d
020 _z978994516613
040 _aDO-SdBPM
_bspa
_cBPMSU
082 _a784.4
_bR175t 2015
_222
100 1 _aValentín Ramos M., Manuel,
_d1942-
245 1 0 _aTodo sobre el bolero /
_cManuel Valentín Ramos M. ; presentación Andrés Bustamante Hungría.
260 _aSanto Domingo :
_bBúho,
_c2015.
300 _a351 p. :
_bil., retrs. ;
_c28 cm.
500 _aIncluye datos biográficos del autor en las solapas.
504 _aBibliografía : p. 351
650 4 _aBoleros (Música)
_xHistoria y crítica.
650 4 _aBoleros (Música)
_xAspectos sociales
700 1 _aBustamante Hungría, Andrés,
_epresentación
910 _aVMateo V. Control de calidad. BPMSU
942 _2ddc
_cBK
999 _c14855
_d14855